00703nam a2200205 a 4500001001000000005001700010008004100027041000800068044000600076050002000082100003300102245011600135260004600251300003900297500006200336500003300398500000900431650002100440651003600461BRCA_625120190320205402.0210711s1910----u--a######---#000-0#eng-# aeng au 4aF316b.P32 19101 aPackard, Winthropd1862-194310aFlorida trails as seen from Jacksonville to Key West and from November to April inclusivecby Winthrop Packard. aBostonbSmall, Maynard and companycc1910 a300 p.bil., fotografíasc22 cm. aIncluye índice de ilustraciones e índice alfabético aEdición con cantos dorados aK11414aHistoria natural 4aFloridaxDescripción y viajes